Vybrané problémy podávania prehľadu

Zamestnávatelia, ktorí vyplácajú zamestnancom príjmy zo závislej činnosti, podávajú každý mesiac, až na niektoré výnimky, daňovému úradu prehľad. Vypočítavajú v ňom odvodovú povinnosť a štvrťročne žiadajú aj o vyplatenie daňového bonusu. Základné princípy prehľadu a jeho podávanie.

Salvato in:
Dettagli Bibliografici
Autore principale: Valterová, Ivana
Natura: Capitolo di libro
Lingua:slovacco
Soggetti:
Tags: Aggiungi Tag
Nessun Tag, puoi essere il primo ad aggiungerne!!

MARC

LEADER 00000naa a2200000 4500
001 0236793
005 20171025082715.6
041 0 |a slo 
044 |a SK 
245 1 0 |a Vybrané problémy podávania prehľadu  |c Ivana Valterová 
520 |a Zamestnávatelia, ktorí vyplácajú zamestnancom príjmy zo závislej činnosti, podávajú každý mesiac, až na niektoré výnimky, daňovému úradu prehľad. Vypočítavajú v ňom odvodovú povinnosť a štvrťročne žiadajú aj o vyplatenie daňového bonusu. Základné princípy prehľadu a jeho podávanie. 
610 2 0 |a zamestnávatelia 
610 2 0 |a povinnosti zamestnávateľov 
610 2 0 |a povinnosť daňová 
610 2 0 |a zamestnanci 
610 2 0 |a príjmy 
100 1 |a Valterová, Ivana